Statistiques concernant Personnages Fiction

Cliquez ici pour prendre le quiz!

Statistiques générales

  • Ce quiz a été pris 151 fois
    (150 depuis la dernière actualisation)
  • Le résultat moyen est 20 sur 44

Statistiques - réponses

IndiceRéponse% Correct
Ennemi juré de BatmanJoker
94%
Ogre accompagné d'un âne pour sauver une princesseShrek
88%
Clown tueur se baladant dans les égoutsPennywise
86%
Se transforme en un grand monstre vert quand il s'énerveHulk
85%
Est tombé dans la potion magique quand il était petitObélix
85%
"Téléphone maison"E.T
80%
Princesse du royaume ChampignonPeach
77%
Prince AliAladdin
74%
Attention à ne pas leur donner à manger après miniutLes Gremlins
73%
Il doit détruire un anneau avec l'aide de sa communautéFrodon Sacquet
71%
Il a chaquer 5 tickets d'or pour que 5 enfants puisse visiter sa chocolaterieWilly Wonka
71%
Il est libre depuis qu'il a une chaussetteDobby
70%
Cowboy qui a peur d'être abandonné par son propriétaireWoody
69%
Entraîner le garçon il doit, pour que la galaxie sauver soitYoda
69%
Le copilote du Faucon MilleniumChewbacca
67%
Un arbre qui parle et qui marcheGroot
59%
Est allé en 1985, 1955 et 1880 le même jourMarty McFly
58%
Elle doit être la seule survivante d'une arène et à un arc comme armeKatniss Everdeen
57%
Mère de 7 enfants rouxMolly Weasley
50%
Gardiens de clés et garde-chasseHagrid
45%
Saigne du nez quand elle utilise ses pouvoirsEleven
44%
Il bat ses ennemis en un seul coup de poingSaitama
43%
Petit cyclope vert qui a peur des humainsBob Rasowski
37%
"C'est pas faux"Perceval
36%
Aime le ping pong, les crevettes et courirForrest Gump
34%
Elle va devoir travailler pour une sorcière pour que ses parents transformés en cochon redeviennent humainChihiro
32%
Poulpe venant de l'espace qui devient professeurKoro
32%
Paléontologue qui a 5 amis qu'il voit tout les jours au Central PerkRoss Geller
32%
Il a décider de faire voler sa maison avec des ballonsCarl Fredricksen
29%
Vieux génie se promenant dans la galaxie a l'aide d'un pisto-portailRick
28%
Il a reçu son "alter" en mangeant un cheveuIzuku Midoriya
26%
Il dort tout le temps mais est quand même pratique pour les combatsRonflex
26%
Le fidèle cheval du guerrier sauvant HyruleEpona
23%
Il veut passer un examen extrêmement compliqué pour suivre les traces de son pèreGon Freecs
23%
Il donne le départ et repêche ceux qui sont tombés dans le videLakitu
20%
Il compte bien devenir le meilleur élève de Tootsuki, une école de cuisineSôma Yukihira
20%
Héros allant des différents mondes Disney et se servant de clé comme armeSora
17%
Gentleman qu'aucune enigme ne résisteProfesseur Layton
16%
Elle a 3 enfants, mais travaille comme super héroïneHelen Parr
15%
"Hey listen !"Navi
10%
Professeur de musique énervé qui n'hésite pas à insulter ses élèvesTerence Fletcher
9%
Robot qui aime le gâteauGLaDOS
6%
Garçon retournant dans le passé pour empêcher des enlèvements d'enfantSatoru
5%
Il ou elle va rencontrer dans son chemin une fleur parlante, un squelette farceur et une scientifique maladroiteFrisk
3%

Distribution des résultats

Percentile par nombre de réponses

% des personnes avec chaque résultat

Votre développement - résultats

Vous n’avez pas pris ce quiz depuis la dernière actualisation